Možnosti využitia softwéru maxima v poistení kritických chorôb

Aktuárske modely v zdravotnom a nemocenskom poistení s dôrazom na využitie stochastických procesov – najmä Markovových pri ich riešení. Využitie viac-stavových modelov pri aktuárskych výpočtoch pre poistenie kritických chorôb. Odhad intenzít prechodu na báze prevalenčných mier.

Guardado en:
Detalles Bibliográficos
Autor principal: Slaninka, František, 1973-
Otros Autores: Škrovánková, Lea, 1954-
Formato: Capítulo de libro
Lenguaje:eslovaco
Materias:
Etiquetas: Agregar Etiqueta
Sin Etiquetas, Sea el primero en etiquetar este registro!

MARC

LEADER 00000naa$a2200000$$$4500
001 0270229
005 20240502074231.3
041 0 |a slo 
044 |a SK 
245 1 0 |a Možnosti využitia softwéru maxima v poistení kritických chorôb  |c František Slaninka, Lea Škrovánková 
520 |a Aktuárske modely v zdravotnom a nemocenskom poistení s dôrazom na využitie stochastických procesov – najmä Markovových pri ich riešení. Využitie viac-stavových modelov pri aktuárskych výpočtoch pre poistenie kritických chorôb. Odhad intenzít prechodu na báze prevalenčných mier. 
610 2 0 |a modely stochastické 
610 2 0 |a softvér 
610 2 0 |a chorobnosť 
610 2 0 |a dávky poistné 
610 2 0 |a poistenie zdravotné 
100 1 |a Slaninka, František, 1973- 
700 1 |a Škrovánková, Lea, 1954-